Jugadores con más partidos en River Plate - Estadísticas

Estadísticas generales
  • Esta prueba ha sido intentada 97 veces
  • La puntuación promedio es 11 de 20
Estadísticas de respuestas
# PJ Jugadores % Correcto
3 541 Ángel Labruna
92%
14 358 Leonardo Ponzio
89%
17 343 Franco Armani
87%
2 551 Amadeo Carrizo
79%
8 421 Norberto Alonso
75%
1 563 Reinaldo Merlo
73%
13 361 Ariel Ortega
68%
19 331 Daniel Passarella
66%
5 464 Leonardo Astrada
62%
7 422 Hernán Díaz
59%
10 406 Ubaldo Fillol
59%
6 424 Oscar Más
56%
18 340 José Manuel Moreno
52%
4 466 Juan José López
49%
20 327 Carlos Peucelle
38%
11 388 Félix Loustau
34%
12 371 Cándido García
21%
9 417 Norberto Yácono
20%
15 349 Eduardo Saporiti
15%
16 346 Ricardo Vaghi
15%
No se encontraron pruebas coincidentes
Distribución de puntuación
Porcentaje de gente con cada puntuación
Porcentaje por número respondido
Historial de tus puntuaciones
No has intentado esta prueba.